000 00689nam a2200253Ia 4500
003 OSt
005 20221005071411.0
006 a|||||r|||| 00| 0
007 ta
008 221004b |||||||| |||| 00| 0 eng d
024 _a72043
037 _cTextual
040 _aCRL
_cCRL
_beng
041 _2eng
_aeng
082 _aY15:7:7.2'N9, N4
100 _aDevasia Leelamma
245 0 _aEmpowering women for sustainable development
260 _aNew Delhi
_bAshish India
_c1994
300 _axxiv,209p
_ccm.
650 _aSOCIOLOGY
700 _a Devasia V V
942 _hY15:7:7.2'N9, N4
_cTEXL
_2cc
999 _c977780
_d977780